| 000 | 00420nam a2200133Ia 4500 | ||
|---|---|---|---|
| 008 | 231129s9999||||xx |||||||||||||| ||spa|| | ||
| 020 | _a84-206-7016-2 | ||
| 040 | _bspa | ||
| 082 | _a709.01 G454p | ||
| 100 | _aGiedion Sigfried | ||
| 245 | 0 | _aEl presente eterno : Los comienzos del arte. Una aportacion al tema de la constancia y el cambio | |
| 264 | _aAlianza | ||
| 942 |
_2ddc _cBKS |
||
| 999 |
_c12156 _d12156 |
||